Les oeuvres inspirées par le mythe de Faust en français - Statistiques

Statistiques générales
  • Ce quiz a été pris 7 fois
  • Le résultat moyen est 16 sur 37
Statistiques - réponses
Auteur Titre % Correct
Charles Gounod F {Faust}
100%
Philippe Fénelon F {Faust}
100%
Alain Souchon F {Faust}
100%
Henri Andréani F {Faust}
100%
Gérard Bourgeois F {Faust}
100%
Jules Perrot F {Faust}
100%
Marius Petipa F {Faust}
100%
Serge Lifar F {Faust}
100%
Roland Petit F {Faust}
100%
Jean-Christophe Maillot F {Faust}
100%
Alice Guy Faust et {Méphistophélès}
80%
Eugène Delacroix Faust et {Méphistophélès}
80%
François Verret {Docteur} Faust
40%
Georges Méliès Faust et {Marguerite}
40%
René Clair La beauté du {diable}
40%
Hector Berlioz La {damnation} de Faust
40%
Maurice Béjart La {damnation} de Faust
40%
Fred Le {diable} du peintre
40%
Pierre Mac Orlan {Marguerite} de la nuit
40%
Claude Autant-Lara Marguerite de la {nuit}
40%
Ary Scheffer F {Faust} & M {Marguerite}
20%
Alfred Jarry Gestes et {opinions} du docteur Faustroll, pataphysicien
20%
Pierre Saintyves La {légende} du Docteur Faust
20%
Michel de Ghelderode La {mort} du docteur Faust
20%
Hervé Le {petit} Faust
20%
Paul Valéry {Mon} Faust
20%
Sylvain Creuzevault Angelus {Novus} AntiFaust
0%
Philippe Découflé C {Contact}
0%
Jean Giono Faust au {village}
0%
Claude Terrasse Faust en {ménage}
0%
Lili Boulanger Faust et {Hélène}
0%
Louise Angélique Bertin F {Fausto}
0%
Marcel Pagnol J {Jazz}
0%
Jules Stromboni & Olivier Cotte Le {Futuriste}
0%
Maurice Béjart {Notre} Faust
0%
Jean Louvet {Un} Faust
0%
Michel Butor {Votre} Faust
0%
Aucun quiz correspondant
Distribution des résultats
% des personnes avec chaque résultat
Percentile par nombre de réponses
Votre historique - résultats
Vous n’avez pas pris ce quiz